[Event "California State-ch"]
[Site "San Jose"]
[Date "2006.05.20"]
[Round "2"]
[White "Frankle, David"]
[Black "Tian, Warren"]
[Result "0-1"]
[WhiteElo "799"]
[BlackElo "990"]
[PlyCount "106"]
[EventDate "2006.04.20"]
[EventType "swiss"]
[EventRounds "6"]
[EventCountry "USA"]
[SourceTitle "EXT 2009"]
[Source "ChessBase"]
[SourceDate "2008.11.26"]
[SourceVersion "1"]
[SourceVersionDate "2008.11.26"]
[SourceQuality "1"]

1. d4 e5 2. dxe5 Nc6 3. Nf3 d5 4. Bf4 f6 5. e3 fxe5 6. Nxe5 Nf6 7. Bb5 Bd7 8. Nxd7 Qxd7 9. Nc3 Bb4 10. 0-0 0-0-0 11. Be2 Bd6 12. Bxd6 Qxd6 13. Nb5 Qc5 14. Qd3 Nb4 15. Qd4 Qxd4 16. Nxd4 h5 17. Ne6 Rd7 18. Bb5 Re7 19. Nc5 h4 20. Rae1 h3 21. gxh3 Rxh3 22. e4 dxe4 23. Rd1 g5 24. Nd7 Nxd7 25. Bxd7+ Rxd7 26. Rde1 Nxc2 27. Rxe4 Rg7 28. Rd1 Rg8 29. Re7 g4 30. Rdd7 c6 31. Rxb7 Rgh8 32. Rec7+ Kd8 33. Rd7+ Kc8 34. Rxa7 Rxh2 35. Rdc7+ Kb8 36. Rcb7+ Kc8 37. Rc7+ Kd8 38. Rd7+ Ke8 39. Re7+ Kf8 40. Reb7 Rh1+ 41. Kg2 R8h2+ 42. Kg3 Rh3+ 43. Kxg4 Rh4+ 44. Kg5 Rh5+ 45. Kg4 R1h4+ 46. Kg3 Rh3+ 47. Kg4 R5h4+ 48. Kg5 Rh5+ 49. Kg4 R5h4+ 50. Kg5 Rh5+ 51. Kg4 R3h4+ 52. Kg3 Rh3+ 53. Kg4 R5h4+ 0-1